Fractal geometry in digital imaging / (Record no. 29200)
[ view plain ]
| 000 -LEADER | |
|---|---|
| fixed length control field | 00531 a2200181 4500 |
| 003 - CONTROL NUMBER IDENTIFIER | |
| control field | NUST |
| 005 - DATE AND TIME OF LATEST TRANSACTION | |
| control field | 20180118152430.0 |
| 008 - FIXED-LENGTH DATA ELEMENTS--GENERAL INFORMATION | |
| fixed length control field | 180118b xxu||||| |||| 00| 0 eng d |
| 020 ## - INTERNATIONAL STANDARD BOOK NUMBER | |
| International Standard Book Number | 0127039708 |
| 020 ## - INTERNATIONAL STANDARD BOOK NUMBER | |
| International Standard Book Number | 9780127039701 |
| 082 04 - DEWEY DECIMAL CLASSIFICATION NUMBER | |
| Classification number | 621.367 |
| 100 1# - MAIN ENTRY--PERSONAL NAME | |
| Personal name | Turner, Martin J. |
| 9 (RLIN) | 8845 |
| 245 10 - TITLE STATEMENT | |
| Title | Fractal geometry in digital imaging / |
| Statement of responsibility, etc. | Martin J. Turner, Jonathan M. Blackledge, Patrick R. Andrews. |
| 250 ## - EDITION STATEMENT | |
| Edition statement | 1st ed. |
| 260 ## - PUBLICATION, DISTRIBUTION, ETC. | |
| Place of publication, distribution, etc. | [S.l.] : |
| Name of publisher, distributor, etc. | Academic Press, |
| Date of publication, distribution, etc. | 1998. |
| 300 ## - PHYSICAL DESCRIPTION | |
| Extent | 328 p. ; |
| Dimensions | 25 cm. |
| 700 1# - ADDED ENTRY--PERSONAL NAME | |
| Personal name | Blackledge, Jonathan M. |
| 9 (RLIN) | 8846 |
| 700 1# - ADDED ENTRY--PERSONAL NAME | |
| Personal name | Andrews, Patrick R. |
| 9 (RLIN) | 8847 |
| 942 ## - ADDED ENTRY ELEMENTS (KOHA) | |
| Institution code [OBSOLETE] | SNS |
| Koha item type | Book |
| Call number prefix | 621.367 TUR |
| Source of classification or shelving scheme | |
| Withdrawn status | Lost status | Damaged status | Not for loan | Permanent Location | Current Location | Date acquired | Total Checkouts | Full call number | Barcode | Date last seen | Price effective from | Koha item type |
|---|---|---|---|---|---|---|---|---|---|---|---|---|
| School of Natural Sciences (SNS) | School of Natural Sciences (SNS) | 05/26/2016 | 621.367 TUR | SNS0000718 | 05/26/2016 | 05/26/2016 | Book |
